| 000 | 00684nam a22001457a 4500 | ||
|---|---|---|---|
| 005 | 20260123090009.0 | ||
| 008 | 230721b ||||| |||| 00| 0 eng d | ||
| 040 |
_cSSBUL _dSSBUL |
||
| 082 |
_223 _a၃၂၈.၅၉၁ ပ ၁၆၀၇၁ (S-SAT) |
||
| 245 | _aပထမအကြိမ်ပြည်သူ့လွှတ်တော်၏ဆောင်ရွက်ချက်များအကျဉ်းချူပ် / | ||
| 300 |
_a၈၁၂ စာမျက်နှာ၊ _c၂၁ စင်တီ။ |
||
| 500 | _aS-SAT: Dr. Prof Sai Aung Tun | ||
| 650 |
_aမြန်မာနိုင်ငံ ပြည်သူ့လွှတ်တော်။ _928092 |
||
| 942 |
_2ddc _cBK1 |
||
| 999 |
_c27363 _d27363 |
||